Statistics for Viking Pantheon

Click here to take the quiz!

General Stats

  • This quiz has been taken 38 times
  • The average score is 8 of 14

Answer Stats

Answer% Correct
King of the godsOdin
100%
Son of them who wields MjollnirThor
100%
Trickster godLoki
94%
His sonFrey
86%
His daughterFreyja
83%
Daughter of above = Ruler of the underworldHel
66%
Cosmic treeYggdrasil
49%
Guardian godHeimdall
37%
Queen of the godsFrigg
31%
God of beautyBalder
29%
God of the seaNjord
29%
Golden apple goddessIdunn
26%
Poet godBragi
20%
God of WisdomMimir
20%

Score Distribution

Percentile by Number Answered

Percent of People with Each Score

Your Score History

You have not taken this quiz